Σεξουαλική συμπεριφορά και μορφές βίας στις σχέσεις των φύλων : διπλωματική εργασία [μεταπτυχιακή εργασία]
Αποθηκεύτηκε σε:
| Κύριος συγγραφέας: | |
|---|---|
| Συγγραφή απο Οργανισμό/Αρχή: | |
| Άλλοι συγγραφείς: | |
| Μορφή: | Thesis Βιβλίο |
| Γλώσσα: | Greek |
| Δημοσίευση: |
2006
|
| Θέματα: | |
| Ετικέτες: |
Προσθήκη ετικέτας
Δεν υπάρχουν, Καταχωρήστε ετικέτα πρώτοι!
|
MARC
| LEADER | 00000cam a2200000 i 4500 | ||
|---|---|---|---|
| 001 | 1/42405 | ||
| 008 | 060705s2006 gre d | ||
| 035 | |l 10087336 | ||
| 040 | |a GR-MY-UA |b gre |e aacr | ||
| 041 | 0 | |a gre | |
| 082 | 0 | |a 306.6 |2 (22) | |
| 100 | 1 | |a Καρατάσος, Στυλιανός. | |
| 245 | 1 | 0 | |a Σεξουαλική συμπεριφορά και μορφές βίας στις σχέσεις των φύλων : |b διπλωματική εργασία [μεταπτυχιακή εργασία] / |c Καρατάσος Στυλιανός ; επιβλέπων: Τσαούσης Ιωάννης |
| 260 | |c 2006 | ||
| 300 | |a 130 σ.; |b σχεδ., πίν.; |c 30 εκ. | ||
| 500 | |a Μέλη εξεταστικής επιτροπής : Γουβιάς Διονύσιος, Πολεμικός Νικήτας | ||
| 502 | # | # | |a Διατριβή (μεταπτυχιακή) – Πανεπιστήμιο Αιγαίου, Ρόδος, 2006. |
| 504 | |a Βιβλιογραφία: σ. 105-122 | ||
| 650 | 0 | 0 | |a Sex discrimination against women. |
| 650 | 0 | 0 | |a Gender identity. |
| 650 | 0 | 0 | |a Violence |x Sex differences. |
| 650 | 0 | 0 | |a Sex |x Social aspects. |
| 650 | 0 | 0 | |a Aggressiveness |x Sex Differences. |
| 650 | 0 | 0 | |a Dissertations, Academic |z Greece. |
| 700 | 1 | |a Τσαούσης, Ιωάννης. |4 ths | |
| 710 | 1 | |a Πανεπιστήμιο Αιγαίου |b Σχολή Ανθρωπιστικών Επιστημών |b Τμήμα Επιστημών της Προσχολικής Αγωγής και του Εκπαιδευτικού Σχεδιασμού |b Πρόγραμμα Μεταπτυχιακών Σπουδών Φύλο και Νέα Εκπαιδευτικά και Εργασιακά Περιβάλλοντα στην Κοινωνία της Πληροφορίας. | |
| 852 | |a INST |b RHODES |c DIATR |e 20060705 |h 306.6 ΚΑΡ |p 005400024697 |q 005400024697 |t MTXE |y 23 | ||
| 852 | |a INST |b RHODES |c DIATR |e 20060705 |h 306.6 ΚΑΡ |p 005400037161 |q 005400037161 |t MTXE |y 23 | ||
| 901 | |a BIBL4-2007-1 | ||
| 909 | |a Ρ |b 126626 | ||
| 909 | |a Ρ |b 126627 | ||
| 924 | |a ΚΑΡΑΤΑΣΟΣ |b ΣΤΥΛΙΑΝΟΣ |y ΡΟΔΟΣ |z 2006-06 | ||
| 970 | |a ΜΙΣΣΟΣ |b ΣΤΑΥΡΟΣ |z 2007/03/15 | ||